[Event "European Youth Chess Championship G18"]
[Site "Prague, Top Hotel Prague"]
[Date "2012.08.24"]
[Round "8.1"]
[White "Imeeva, Aisa"]
[Black "Goryachkina, Aleksandra"]
[Result "0-1"]
[WhiteElo "2095"]
[BlackElo "2361"]
[PlyCount "0"]
[EventDate "2012.08.17"]

1. e4 {[%clk 1:30:57]} c5 {[%clk 1:30:53]} 2. Nf3 {[%clk 1:31:22]} d6
{[%clk 1:31:18]} 3. d4 {[%clk 1:31:48]} cxd4 {[%clk 1:31:44]} 4. Nxd4
{[%clk 1:32:15]} Nf6 {[%clk 1:32:08]} 5. Nc3 {[%clk 1:32:41]} a6 {[%clk 1:32:34]}
6. Be2 {[%clk 1:33:06]} e6 {[%clk 1:33:01]} 7. O-O {[%clk 1:33:28]} Be7
{[%clk 1:33:27]} 8. Be3 {[%clk 1:33:45]} Qc7 {[%clk 1:33:04]} 9. f4
{[%clk 1:33:39]} O-O {[%clk 1:32:30]} 10. Bd3 {[%clk 1:33:33]} Nc6
{[%clk 1:23:47]} 11. Nb3 {[%clk 1:33:55]} b5 {[%clk 1:20:48]} 12. Qf3
{[%clk 1:33:06]} b4 {[%clk 1:10:32]} 13. Ne2 {[%clk 1:33:27]} Bb7
{[%clk 1:09:09]} 14. Nbd4 {[%clk 1:32:07]} Rac8 {[%clk 0:57:39]} 15. Rae1
{[%clk 1:27:18]} Rfe8 {[%clk 0:55:23]} 16. g4 {[%clk 1:23:31]} Nxd4
{[%clk 0:52:51]} 17. Nxd4 {[%clk 1:22:23]} d5 {[%clk 0:48:40]} 18. e5
{[%clk 1:22:22]} Ne4 {[%clk 0:49:03]} 19. f5 {[%clk 1:18:02]} Qxe5
{[%clk 0:45:37]} 20. fxe6 {[%clk 1:18:23]} f6 {[%clk 0:33:08]} 21. Qh3
{[%clk 1:10:03]} Bc5 {[%clk 0:31:14]} 22. Rf5 {[%clk 1:08:38]} Qc7
{[%clk 0:25:50]} 23. g5 {[%clk 1:00:34]} fxg5 {[%clk 0:23:13]} 24. Rf7
{[%clk 0:57:56]} Re7 {[%clk 0:21:55]} 25. Ref1 {[%clk 0:57:41]} Qb6
{[%clk 0:18:45]} 26. Rxe7 {[%clk 0:48:45]} Bxe7 {[%clk 0:17:24]} 27. Nf5
{[%clk 0:48:08]} Qxe6 {[%clk 0:17:08]} 28. Bd4 {[%clk 0:43:40]} Rf8
{[%clk 0:14:51]} 29. Nxe7+ {[%clk 0:32:11]} Qxe7 {[%clk 0:15:20]} 30. Rxf8+
{[%clk 0:32:22]} Qxf8 {[%clk 0:15:49]} 31. Qd7 {[%clk 0:32:29]} Qf7
{[%clk 0:12:14]} 32. Qd8+ {[%clk 0:32:40]} Qf8 {[%clk 0:12:43]} 33. Qc7
{[%clk 0:26:57]} Bc8 {[%clk 0:08:23]} 34. Bxe4 {[%clk 0:24:54]} dxe4
{[%clk 0:08:31]} 35. Bxg7 {[%clk 0:24:59]} Qf7 {[%clk 0:03:51]} 36. Qxc8+
{[%clk 0:25:06]} Kxg7 {[%clk 0:04:15]} 37. Qc5 {[%clk 0:23:58]} Qf4
{[%clk 0:03:10]} 38. Qxb4 {[%clk 0:18:15]} Qc1+ {[%clk 0:02:24]} 39. Kf2
{[%clk 0:14:12]} Qxc2+ {[%clk 0:02:52]} 40. Ke1 {[%clk 0:43:50]} Qxh2
{[%clk 0:31:13]} 41. Qe7+ {[%clk 0:44:06]} Kh6 {[%clk 0:30:22]} 42. Qe6+
{[%clk 0:43:00]} Kh5 {[%clk 0:29:54]} 43. Qe8+ {[%clk 0:43:24]} Kg4
{[%clk 0:29:54]} 44. Qxe4+ {[%clk 0:43:52]} Qf4 {[%clk 0:30:12]} 45. Qxh7
{[%clk 0:43:52]} Qc1+ {[%clk 0:29:32]} 46. Ke2 {[%clk 0:44:04]} Qxb2+
{[%clk 0:29:40]} 47. Ke3 {[%clk 0:44:08]} Qc3+ {[%clk 0:27:34]} 48. Ke2
{[%clk 0:44:24]} Qf3+ {[%clk 0:26:45]} 49. Ke1 {[%clk 0:44:14]} Qe3+
{[%clk 0:24:31]} 50. Kf1 {[%clk 0:43:22]} Qh3+ {[%clk 0:23:08]} 51. Qxh3+
{[%clk 0:43:32]} Kxh3 {[%clk 0:23:37]} 52. Kf2 {[%clk 0:42:26]} a5
{[%clk 0:23:09]} 0-1

[Event "European Youth Chess Championship G18"]
[Site "Prague, Top Hotel Prague"]
[Date "2012.08.24"]
[Round "8.2"]
[White "Aranaz Murillo, Amalia"]
[Black "Khlichkova, Tatiana"]
[Result "1-0"]
[WhiteElo "2237"]
[BlackElo "2123"]
[PlyCount "0"]
[EventDate "2012.08.17"]

1. Nf3 {[%clk 1:30:55]} f5 {[%clk 1:30:56]} 2. c4 {[%clk 1:31:11]} Nf6
{[%clk 1:31:21]} 3. g3 {[%clk 1:31:31]} g6 {[%clk 1:31:29]} 4. b4
{[%clk 1:31:48]} Bg7 {[%clk 1:31:46]} 5. Bb2 {[%clk 1:32:12]} d6 {[%clk 1:30:09]}
6. d4 {[%clk 1:32:35]} O-O {[%clk 1:25:53]} 7. Bg2 {[%clk 1:33:00]} Nc6
{[%clk 1:25:58]} 8. b5 {[%clk 1:32:40]} Na5 {[%clk 1:19:27]} 9. Nbd2
{[%clk 1:32:05]} c6 {[%clk 1:18:55]} 10. a4 {[%clk 1:28:19]} Be6 {[%clk 1:16:50]}
11. Rc1 {[%clk 1:26:01]} Ne4 {[%clk 1:13:55]} 12. O-O {[%clk 1:22:43]} d5
{[%clk 1:12:42]} 13. bxc6 {[%clk 1:08:54]} bxc6 {[%clk 1:10:50]} 14. cxd5
{[%clk 1:09:14]} Bxd5 {[%clk 1:11:06]} 15. Nxe4 {[%clk 1:08:11]} Bxe4
{[%clk 1:08:18]} 16. Ne5 {[%clk 1:06:23]} Bd5 {[%clk 0:50:17]} 17. Rc5
{[%clk 0:57:09]} Bxe5 {[%clk 0:46:59]} 18. dxe5 {[%clk 0:54:56]} e6
{[%clk 0:47:04]} 19. Bc1 {[%clk 0:49:31]} Nb7 {[%clk 0:30:58]} 20. Rc3
{[%clk 0:49:34]} Rf7 {[%clk 0:26:44]} 21. h4 {[%clk 0:47:24]} Rd7
{[%clk 0:18:50]} 22. Bg5 {[%clk 0:44:12]} Qf8 {[%clk 0:13:07]} 23. Qc2
{[%clk 0:36:02]} Na5 {[%clk 0:09:07]} 24. Bf6 {[%clk 0:27:10]} Rf7
{[%clk 0:09:08]} 25. Rb1 {[%clk 0:25:28]} Rxf6 {[%clk 0:07:56]} 26. exf6
{[%clk 0:25:47]} Qxf6 {[%clk 0:08:24]} 27. Rc5 {[%clk 0:25:03]} f4
{[%clk 0:04:36]} 28. Rxa5 {[%clk 0:21:10]} fxg3 {[%clk 0:05:00]} 29. e4
{[%clk 0:21:04]} Bxe4 {[%clk 0:01:04]} 30. Qxe4 {[%clk 0:18:45]} gxf2+
{[%clk 0:00:49]} 31. Kh1 {[%clk 0:18:29]} Rd8 {[%clk 0:01:13]} 32. Rxa7
{[%clk 0:16:28]} e5 {[%clk 0:00:50]} 33. Rf1 {[%clk 0:09:34]} Rd4
{[%clk 0:00:57]} 34. Rxf2 {[%clk 0:09:12]} Qxf2 {[%clk 0:01:20]} 35. Ra8+
{[%clk 0:08:46]} Kf7 {[%clk 0:01:48]} 36. Qf3+ {[%clk 0:08:34]} Qxf3
{[%clk 0:02:13]} 37. Bxf3 {[%clk 0:09:00]} e4 {[%clk 0:02:18]} 38. Be2
{[%clk 0:09:21]} e3 {[%clk 0:02:28]} 39. Kg2 {[%clk 0:06:15]} Rf4
{[%clk 0:02:54]} 40. Bf3 {[%clk 0:35:58]} Rc4 {[%clk 0:33:15]} 41. a5
{[%clk 0:35:52]} Rc2+ {[%clk 0:33:36]} 42. Kg3 {[%clk 0:35:57]} e2
{[%clk 0:33:50]} 43. Kf2 {[%clk 0:36:10]} h6 {[%clk 0:29:36]} 44. a6
{[%clk 0:36:28]} Ra2 {[%clk 0:29:51]} 45. Bxe2 {[%clk 0:36:22]} g5
{[%clk 0:30:05]} 46. hxg5 {[%clk 0:36:08]} hxg5 {[%clk 0:30:31]} 47. Ke3
{[%clk 0:36:10]} Kg7 {[%clk 0:30:45]} 48. Rc8 {[%clk 0:35:53]} g4
{[%clk 0:30:48]} 49. Rc7+ {[%clk 0:36:15]} Kf6 {[%clk 0:30:25]} 50. Rxc6+
{[%clk 0:36:39]} Kf5 {[%clk 0:30:45]} 51. Rc5+ {[%clk 0:36:48]} Kf6
{[%clk 0:31:03]} 52. Rc6+ {[%clk 0:36:55]} Kf5 {[%clk 0:31:28]} 53. Rc5+
{[%clk 0:34:55]} Kf6 {[%clk 0:31:54]} 54. Bd3 {[%clk 0:35:15]} g3
{[%clk 0:27:22]} 55. Rf5+ {[%clk 0:35:29]} Ke7 {[%clk 0:27:44]} 56. Rg5
{[%clk 0:35:43]} g2 {[%clk 0:28:04]} 57. Be2 {[%clk 0:35:20]} Ra3+
{[%clk 0:26:57]} 58. Kf2 {[%clk 0:35:25]} Ra2 {[%clk 0:24:53]} 59. Rxg2
{[%clk 0:35:49]} 1-0

[Event "European Youth Chess Championship G18"]
[Site "Prague, Top Hotel Prague"]
[Date "2012.08.24"]
[Round "8.3"]
[White "Rakhmangulova, Anastasiya"]
[Black "Sviridova, Vlada"]
[Result "1-0"]
[WhiteElo "2234"]
[BlackElo "2132"]
[PlyCount "0"]
[EventDate "2012.08.17"]

1. e4 {[%clk 1:30:58]} c6 {[%clk 1:30:58]} 2. d4 {[%clk 1:31:19]} d5
{[%clk 1:31:24]} 3. Nc3 {[%clk 1:31:43]} dxe4 {[%clk 1:31:41]} 4. Nxe4
{[%clk 1:32:07]} Nd7 {[%clk 1:32:07]} 5. Nf3 {[%clk 1:30:31]} Ngf6
{[%clk 1:32:33]} 6. Nxf6+ {[%clk 1:30:03]} Nxf6 {[%clk 1:32:59]} 7. h3
{[%clk 1:29:22]} Bf5 {[%clk 1:29:58]} 8. Bd3 {[%clk 1:25:33]} Bxd3
{[%clk 1:30:10]} 9. Qxd3 {[%clk 1:25:57]} e6 {[%clk 1:30:05]} 10. O-O
{[%clk 1:25:56]} Bd6 {[%clk 1:22:19]} 11. c4 {[%clk 1:22:00]} O-O
{[%clk 1:18:07]} 12. Qb3 {[%clk 1:08:47]} Qc7 {[%clk 1:16:53]} 13. Be3
{[%clk 1:07:12]} c5 {[%clk 1:15:10]} 14. Rfe1 {[%clk 0:58:39]} Rac8
{[%clk 1:12:47]} 15. Rac1 {[%clk 0:57:24]} Nd7 {[%clk 1:09:18]} 16. Qd1
{[%clk 0:50:25]} Rfe8 {[%clk 0:59:50]} 17. Ng5 {[%clk 0:39:49]} e5
{[%clk 0:56:20]} 18. dxc5 {[%clk 0:33:07]} Bxc5 {[%clk 0:53:01]} 19. Ne4
{[%clk 0:31:47]} Re6 {[%clk 0:47:35]} 20. Nc3 {[%clk 0:26:41]} Bxe3
{[%clk 0:43:47]} 21. Rxe3 {[%clk 0:27:02]} Nf6 {[%clk 0:41:18]} 22. Nb5
{[%clk 0:25:39]} Qb6 {[%clk 0:39:53]} 23. Qe2 {[%clk 0:21:51]} a6
{[%clk 0:31:38]} 24. Nc3 {[%clk 0:22:01]} Qc7 {[%clk 0:31:18]} 25. b3
{[%clk 0:21:18]} Rce8 {[%clk 0:29:46]} 26. Re1 {[%clk 0:20:16]} Qc6
{[%clk 0:29:38]} 27. Rd1 {[%clk 0:19:15]} g6 {[%clk 0:29:08]} 28. g4
{[%clk 0:17:51]} h6 {[%clk 0:27:30]} 29. Nd5 {[%clk 0:16:56]} Kg7
{[%clk 0:23:56]} 30. Nxf6 {[%clk 0:12:00]} Rxf6 {[%clk 0:23:54]} 31. Rd5
{[%clk 0:10:56]} b5 {[%clk 0:13:59]} 32. Rexe5 {[%clk 0:08:17]} bxc4
{[%clk 0:12:20]} 33. bxc4 {[%clk 0:07:25]} Rb8 {[%clk 0:10:18]} 34. Re4
{[%clk 0:06:39]} Rb1+ {[%clk 0:10:23]} 35. Kg2 {[%clk 0:06:59]} Rb4
{[%clk 0:09:35]} 36. Qd3 {[%clk 0:05:17]} a5 {[%clk 0:07:08]} 37. Qc3
{[%clk 0:03:39]} Kh7 {[%clk 0:06:45]} 38. f3 {[%clk 0:02:46]} Rb1
{[%clk 0:05:35]} 39. Rxa5 {[%clk 0:01:06]} Qb6 {[%clk 0:03:54]} 40. c5
{[%clk 0:31:31]} Qd8 {[%clk 0:32:12]} 41. Qc2 {[%clk 0:13:36]} Rd1
{[%clk 0:23:16]} 42. Re2 {[%clk 0:13:52]} Qd4 {[%clk 0:20:46]} 43. Rf2
{[%clk 0:13:06]} Qa1 {[%clk 0:19:44]} 44. f4 {[%clk 0:09:04]} Rh1
{[%clk 0:18:38]} 45. Kg3 {[%clk 0:06:02]} Qg1+ {[%clk 0:17:59]} 46. Kh4
{[%clk 0:05:59]} Re6 {[%clk 0:05:54]} 47. Ra3 {[%clk 0:05:40]} Qe1
{[%clk 0:05:34]} 48. f5 {[%clk 0:03:01]} Rf6 {[%clk 0:04:36]} 49. Raf3
{[%clk 0:01:57]} Qe7 {[%clk 0:03:45]} 50. fxg6+ {[%clk 0:01:19]} Rxg6+
{[%clk 0:04:12]} 51. Kg3 {[%clk 0:01:21]} Qe5+ {[%clk 0:04:32]} 52. Rf4
{[%clk 0:01:44]} h5 {[%clk 0:03:01]} 53. Kg2 {[%clk 0:01:30]} Qd5+
{[%clk 0:02:48]} 54. Qe4 {[%clk 0:01:21]} Qxe4+ {[%clk 0:02:08]} 55. Rxe4
{[%clk 0:01:47]} Rc1 {[%clk 0:02:27]} 56. Rxf7+ {[%clk 0:02:05]} Kh6
{[%clk 0:02:51]} 57. Rf5 {[%clk 0:02:10]} hxg4 {[%clk 0:03:14]} 58. hxg4
{[%clk 0:02:19]} Rc2+ {[%clk 0:03:42]} 59. Kg3 {[%clk 0:02:36]} Rxa2
{[%clk 0:04:04]} 60. Re7 {[%clk 0:02:23]} Rga6 {[%clk 0:04:12]} 61. Rf3
{[%clk 0:02:12]} Rc2 {[%clk 0:04:09]} 62. Re5 {[%clk 0:02:23]} Ra1
{[%clk 0:03:02]} 63. Rf6+ {[%clk 0:02:12]} Kg7 {[%clk 0:03:27]} 64. Rd6
{[%clk 0:02:01]} Rc3+ {[%clk 0:02:25]} 65. Kh4 {[%clk 0:01:58]} Ra7
{[%clk 0:02:35]} 66. c6 {[%clk 0:01:54]} Rc7 {[%clk 0:02:13]} 67. Ree6
{[%clk 0:02:06]} Rc1 {[%clk 0:01:38]} 68. Kh5 {[%clk 0:02:27]} Kf7
{[%clk 0:01:36]} 69. Rh6 {[%clk 0:02:21]} Rh1+ {[%clk 0:01:40]} 70. Kg5
{[%clk 0:02:46]} Rxh6 71. Kxh6 {[%clk 0:03:11]} Rc8 {[%clk 0:01:51]} 72. Kg5
{[%clk 0:02:53]} Ke7 {[%clk 0:02:10]} 73. Rh6 {[%clk 0:02:57]} Rg8+
{[%clk 0:02:18]} 74. Kf5 {[%clk 0:03:16]} Rf8+ {[%clk 0:02:32]} 75. Ke5
{[%clk 0:03:38]} Rg8 {[%clk 0:02:58]} 76. Rh7+ {[%clk 0:04:01]} Kd8
{[%clk 0:03:22]} 77. Kf5 {[%clk 0:04:05]} Rf8+ {[%clk 0:03:43]} 78. Kg6
{[%clk 0:02:40]} 1-0

[Event "European Youth Chess Championship G18"]
[Site "Prague, Top Hotel Prague"]
[Date "2012.08.24"]
[Round "8.5"]
[White "Wisniowska, Klaudia"]
[Black "Severina, Maria"]
[Result "1-0"]
[WhiteElo "2181"]
[BlackElo "2147"]
[PlyCount "0"]
[EventDate "2012.08.17"]

1. e4 {[%clk 1:30:58]} e5 {[%clk 1:30:59]} 2. Nf3 {[%clk 1:31:22]} Nc6
{[%clk 1:31:27]} 3. Bb5 {[%clk 1:31:48]} a6 {[%clk 1:31:52]} 4. Ba4
{[%clk 1:32:15]} Nf6 {[%clk 1:32:15]} 5. O-O {[%clk 1:32:40]} Be7
{[%clk 1:32:40]} 6. Re1 {[%clk 1:33:06]} b5 {[%clk 1:33:03]} 7. Bb3
{[%clk 1:33:33]} d6 {[%clk 1:33:30]} 8. c3 {[%clk 1:33:58]} O-O {[%clk 1:33:52]}
9. h3 {[%clk 1:34:26]} Re8 {[%clk 1:34:15]} 10. d4 {[%clk 1:34:10]} Bb7
{[%clk 1:34:38]} 11. Nbd2 {[%clk 1:33:51]} Bf8 {[%clk 1:35:01]} 12. Bc2
{[%clk 1:33:39]} h6 {[%clk 1:32:33]} 13. a4 {[%clk 1:33:44]} exd4
{[%clk 1:32:48]} 14. cxd4 {[%clk 1:32:51]} Nb4 {[%clk 1:33:11]} 15. Bb1
{[%clk 1:33:18]} c5 {[%clk 1:33:36]} 16. d5 {[%clk 1:32:57]} Nd7 {[%clk 1:33:57]}
17. Nh2 {[%clk 1:30:25]} Ne5 {[%clk 1:05:38]} 18. Ndf3 {[%clk 1:26:26]} Nxf3+
{[%clk 0:51:56]} 19. Nxf3 {[%clk 1:25:12]} bxa4 {[%clk 0:52:09]} 20. Rxa4
{[%clk 1:24:51]} a5 {[%clk 0:52:16]} 21. Ra3 {[%clk 1:24:06]} Ba6
{[%clk 0:40:23]} 22. Nh2 {[%clk 1:19:58]} Be7 {[%clk 0:38:38]} 23. Qh5
{[%clk 1:08:10]} Bg5 {[%clk 0:20:51]} 24. Rg3 {[%clk 0:48:49]} Bxc1
{[%clk 0:15:14]} 25. Rxc1 {[%clk 0:49:06]} Qf6 {[%clk 0:14:15]} 26. Ng4
{[%clk 0:45:36]} Qf4 {[%clk 0:14:17]} 27. Nxh6+ {[%clk 0:43:57]} Kf8
{[%clk 0:14:32]} 28. Nf5 {[%clk 0:38:40]} Qxc1+ {[%clk 0:14:49]} 29. Kh2
{[%clk 0:39:04]} f6 {[%clk 0:14:40]} 30. Qh8+ 1-0

[Event "European Youth Chess Championship G18"]
[Site "Prague, Top Hotel Prague"]
[Date "2012.08.24"]
[Round "8.6"]
[White "Foisor, Mihaela-Veronica"]
[Black "Dalemans, Diana"]
[Result "1-0"]
[WhiteElo "2220"]
[BlackElo "1958"]
[PlyCount "0"]
[EventDate "2012.08.17"]

1. c4 {[%clk 1:30:56]} Nf6 {[%clk 1:30:05]} 2. Nc3 {[%clk 1:31:21]} d5
{[%clk 1:30:09]} 3. cxd5 {[%clk 1:31:39]} Nxd5 {[%clk 1:30:29]} 4. g3
{[%clk 1:31:50]} c5 {[%clk 1:30:29]} 5. Bg2 {[%clk 1:30:17]} Nc7 {[%clk 1:30:24]}
6. Qa4+ {[%clk 1:28:32]} Bd7 {[%clk 1:22:52]} 7. Qb3 {[%clk 1:28:52]} Bc6
{[%clk 1:19:05]} 8. Bxc6+ {[%clk 1:28:14]} bxc6 {[%clk 1:17:33]} 9. Nf3
{[%clk 1:25:56]} e6 {[%clk 1:13:28]} 10. d3 {[%clk 1:25:47]} Be7 {[%clk 1:10:49]}
11. Bd2 {[%clk 1:23:54]} O-O {[%clk 1:07:54]} 12. Rc1 {[%clk 1:23:27]} Nd7
{[%clk 0:59:12]} 13. Na4 {[%clk 1:03:39]} Rb8 {[%clk 0:47:10]} 14. Qd1
{[%clk 0:59:35]} Bf6 {[%clk 0:35:49]} 15. b3 {[%clk 0:59:19]} Na6
{[%clk 0:27:35]} 16. O-O {[%clk 0:52:12]} Qe7 {[%clk 0:21:12]} 17. Be3
{[%clk 0:51:27]} Rb5 {[%clk 0:20:04]} 18. Qd2 {[%clk 0:46:20]} Rfb8
{[%clk 0:13:52]} 19. Nc3 {[%clk 0:42:33]} Bxc3 {[%clk 0:13:38]} 20. Rxc3
{[%clk 0:41:07]} Nb4 {[%clk 0:13:15]} 21. Rfc1 {[%clk 0:36:25]} Nd5
{[%clk 0:07:11]} 22. Rc4 {[%clk 0:36:28]} Nxe3 {[%clk 0:07:03]} 23. Qxe3
{[%clk 0:36:35]} Rb4 {[%clk 0:06:31]} 24. Nd2 {[%clk 0:32:33]} a5
{[%clk 0:05:17]} 25. Ne4 {[%clk 0:30:49]} Rxc4 {[%clk 0:03:08]} 26. Rxc4
{[%clk 0:31:04]} Rb5 {[%clk 0:03:11]} 27. Qc1 {[%clk 0:23:13]} h6
{[%clk 0:01:58]} 28. Qa3 {[%clk 0:21:58]} Qd8 {[%clk 0:01:08]} 29. Ra4
{[%clk 0:16:48]} Qe7 {[%clk 0:00:33]} 30. Rxa5 {[%clk 0:15:51]} Rxa5
{[%clk 0:00:53]} 31. Qxa5 {[%clk 0:16:16]} f5 {[%clk 0:00:50]} 32. Nd2
{[%clk 0:15:59]} Qd6 {[%clk 0:00:34]} 33. Qd8+ {[%clk 0:13:49]} Kh7
{[%clk 0:00:54]} 34. Nf3 {[%clk 0:12:56]} Qd5 {[%clk 0:00:39]} 35. a4
{[%clk 0:11:40]} e5 {[%clk 0:00:49]} 36. Nh4 {[%clk 0:09:09]} e4 {[%clk 0:00:58]}
37. dxe4 {[%clk 0:07:06]} fxe4 {[%clk 0:01:19]} 38. a5 {[%clk 0:06:08]} Nf6
{[%clk 0:00:47]} 39. Qxd5 {[%clk 0:06:07]} cxd5 {[%clk 0:00:38]} 40. Nf5
{[%clk 0:35:38]} Nd7 {[%clk 0:30:34]} 41. e3 {[%clk 0:33:40]} g6 {[%clk 0:21:45]}
42. Ne7 {[%clk 0:33:38]} c4 {[%clk 0:20:47]} 43. Nxd5 {[%clk 0:31:27]} cxb3
{[%clk 0:20:19]} 44. a6 {[%clk 0:31:16]} b2 {[%clk 0:19:10]} 45. Nc3
{[%clk 0:31:41]} Nb6 {[%clk 0:18:13]} 46. a7 {[%clk 0:30:29]} h5 {[%clk 0:13:40]}
47. Kf1 {[%clk 0:25:58]} Na4 {[%clk 0:06:11]} 48. a8=Q {[%clk 0:24:14]} Nxc3
{[%clk 0:06:37]} 49. Qb7+ 1-0

[Event "European Youth Chess Championship G18"]
[Site "Prague, Top Hotel Prague"]
[Date "2012.08.24"]
[Round "8.7"]
[White "Efroimski, Marsel"]
[Black "Kaliadzich, Maryia"]
[Result "1/2-1/2"]
[WhiteElo "2174"]
[BlackElo "1915"]
[PlyCount "0"]
[EventDate "2012.08.17"]

1. d4 {[%clk 1:30:57]} d5 {[%clk 1:30:54]} 2. c4 {[%clk 1:31:23]} e6
{[%clk 1:31:09]} 3. Nc3 {[%clk 1:31:49]} Nf6 {[%clk 1:31:29]} 4. Nf3
{[%clk 1:32:11]} c6 {[%clk 1:31:51]} 5. g3 {[%clk 1:32:37]} Nbd7 {[%clk 1:32:06]}
6. Bg2 {[%clk 1:32:57]} Bd6 {[%clk 1:32:08]} 7. O-O {[%clk 1:32:52]} O-O
{[%clk 1:32:26]} 8. Qc2 {[%clk 1:32:40]} Re8 {[%clk 1:20:47]} 9. e4
{[%clk 1:29:13]} dxe4 {[%clk 1:20:17]} 10. Nxe4 {[%clk 1:17:03]} Nxe4
{[%clk 1:20:20]} 11. Qxe4 {[%clk 1:17:31]} e5 {[%clk 1:16:50]} 12. Re1
{[%clk 1:03:54]} Nf6 {[%clk 1:15:24]} 13. Qc2 {[%clk 1:00:31]} exd4
{[%clk 1:12:31]} 14. Bg5 {[%clk 0:58:33]} Be7 {[%clk 1:04:21]} 15. Rad1
{[%clk 0:56:31]} c5 {[%clk 1:02:36]} 16. b4 {[%clk 0:52:23]} Be6 {[%clk 0:54:04]}
17. bxc5 {[%clk 0:43:39]} Bxc5 {[%clk 0:54:15]} 18. Qb2 {[%clk 0:41:58]} h6
{[%clk 0:46:04]} 19. Bxf6 {[%clk 0:33:13]} Qxf6 {[%clk 0:46:17]} 20. Qxb7
{[%clk 0:33:27]} Bxc4 {[%clk 0:35:28]} 21. Nd2 {[%clk 0:08:31]} Ba6
{[%clk 0:31:29]} 22. Qc7 {[%clk 0:01:33]} Bb6 {[%clk 0:27:04]} 23. Qd7
{[%clk 0:01:53]} Rxe1+ {[%clk 0:25:59]} 24. Rxe1 {[%clk 0:02:19]} Rd8
{[%clk 0:24:12]} 25. Re8+ {[%clk 0:02:40]} Rxe8 {[%clk 0:24:24]} 26. Qxe8+
{[%clk 0:03:08]} Kh7 {[%clk 0:24:47]} 27. Bd5 {[%clk 0:01:10]} d3
{[%clk 0:07:49]} 28. Ne4 {[%clk 0:01:30]} Qa1+ {[%clk 0:04:36]} 29. Kg2
{[%clk 0:01:59]} d2 {[%clk 0:03:18]} 30. Nxd2 {[%clk 0:02:17]} Bd3
{[%clk 0:02:05]} 31. Bxf7 {[%clk 0:02:08]} h5 {[%clk 0:02:02]} 32. Bg8+
{[%clk 0:01:12]} Kh6 {[%clk 0:02:15]} 33. Qe6+ {[%clk 0:00:50]} Qf6
{[%clk 0:02:27]} 34. Qxf6+ {[%clk 0:00:54]} gxf6 {[%clk 0:02:56]} 35. Bc4
{[%clk 0:01:04]} Bf5 {[%clk 0:02:54]} 36. h4 {[%clk 0:00:41]} a5 {[%clk 0:02:16]}
37. Nf1 {[%clk 0:00:38]} a4 {[%clk 0:01:45]} 38. Bd5 {[%clk 0:00:39]} a3
{[%clk 0:01:03]} 39. Nd2 {[%clk 0:00:42]} Ba5 {[%clk 0:00:56]} 40. Nb3
{[%clk 0:30:42]} Bb6 {[%clk 0:31:09]} 41. Nc1 {[%clk 0:26:22]} Bd4
{[%clk 0:29:28]} 42. Ne2 {[%clk 0:26:29]} Bb2 {[%clk 0:27:22]} 43. Nf4
{[%clk 0:26:17]} Bg6 {[%clk 0:26:48]} 44. Kf3 {[%clk 0:26:09]} Be8
{[%clk 0:26:35]} 45. Ke2 {[%clk 0:23:41]} Bd4 {[%clk 0:26:00]} 46. Bc4
{[%clk 0:20:36]} Bc5 {[%clk 0:24:11]} 47. Nd3 {[%clk 0:19:34]} Bd4
{[%clk 0:23:56]} 48. Nb4 {[%clk 0:19:41]} Bg6 {[%clk 0:22:41]} 49. Bd5
{[%clk 0:16:37]} Bc5 {[%clk 0:21:32]} 50. Nc6 {[%clk 0:15:35]} Be8
{[%clk 0:21:03]} 51. Na5 {[%clk 0:14:33]} Ba4 {[%clk 0:19:18]} 52. f4
{[%clk 0:13:14]} Bb4 {[%clk 0:18:15]} 53. Nb7 {[%clk 0:13:37]} Bb5+
{[%clk 0:16:42]} 54. Kf3 {[%clk 0:12:57]} Ba4 {[%clk 0:15:08]} 55. Nd8
{[%clk 0:11:38]} Be8 {[%clk 0:14:35]} 56. f5 {[%clk 0:11:35]} Bd6
{[%clk 0:13:21]} 57. Nb7 {[%clk 0:07:49]} Bb4 {[%clk 0:13:43]} 58. Kf4
{[%clk 0:04:43]} Bd7 {[%clk 0:12:07]} 59. Nd8 {[%clk 0:03:06]} Bd6+
{[%clk 0:11:57]} 60. Kf3 {[%clk 0:03:19]} Be8 {[%clk 0:12:09]} 61. Ne6
{[%clk 0:01:10]} Bf7 {[%clk 0:11:50]} 62. Bc6 {[%clk 0:01:24]} Bxe6
{[%clk 0:11:42]} 63. fxe6 {[%clk 0:01:53]} Kg6 {[%clk 0:09:20]} 64. Be4+
{[%clk 0:00:37]} f5 {[%clk 0:08:49]} 65. Bc6 {[%clk 0:01:03]} Kf6
{[%clk 0:09:09]} 66. Bd5 {[%clk 0:00:39]} Be5 {[%clk 0:08:52]} 67. Kg2
{[%clk 0:01:03]} Bd6 {[%clk 0:08:44]} 68. Kf3 {[%clk 0:01:12]} Be5
{[%clk 0:09:08]} 69. Bc6 {[%clk 0:01:36]} Kxe6 {[%clk 0:08:37]} 70. Be8
{[%clk 0:02:04]} Kf6 {[%clk 0:08:41]} 71. Bxh5 {[%clk 0:02:31]} Bd4
{[%clk 0:08:06]} 72. Be8 {[%clk 0:02:56]} Be5 {[%clk 0:08:27]} 73. h5
{[%clk 0:03:03]} Kg5 {[%clk 0:08:31]} 74. Bg6 {[%clk 0:03:29]} Bd4
{[%clk 0:08:16]} 1/2-1/2

[Event "European Youth Chess Championship G18"]
[Site "Prague, Top Hotel Prague"]
[Date "2012.08.24"]
[Round "8.11"]
[White "Zpevakova, Jana"]
[Black "Shvayger, Yuliya"]
[Result "1/2-1/2"]
[WhiteElo "1901"]
[BlackElo "2202"]
[PlyCount "98"]
[EventDate "2012.08.17"]

1. d4 Nf6 2. c4 g6 3. Nc3 d5 4. cxd5 Nxd5 5. Bd2 Bg7 6. Nf3 O-O 7. Rc1 Nb6 8.
Bg5 Nc6 9. e3 a5 10. Be2 a4 11. O-O Be6 12. Nd2 f5 13. f4 Nb4 14. b3 a3 15. Rf3
N6d5 16. Bc4 c6 17. Rh3 Qd7 18. Bxd5 Bxd5 19. Nc4 Qe6 20. Qe2 Bf6 21. Bxf6 exf6
22. Nb6 Rad8 23. Qd2 Qe7 24. Nca4 Na6 25. Rc3 Be4 26. Qc1 g5 27. fxg5 fxg5 28.
Nc5 g4 29. Rh5 Nxc5 30. Rxc5 Qf7 31. Qe1 f4 32. Rhg5+ Bg6 33. Rcf5 Qg7 34.
Rxf8+ Rxf8 35. Rxg4 fxe3 36. Qxe3 Re8 37. Qxe8+ Bxe8 38. Rxg7+ Kxg7 39. Nc4 Kf6
40. Kf2 Bg6 41. Nd2 Ke6 42. Ke3 Kd5 43. g4 b5 44. h4 h6 45. g5 hxg5 46. hxg5 b4
47. Ke2 Kxd4 48. Kd1 Bf7 49. Kc2 Bg6+ 1/2-1/2

[Event "European Youth Chess Championship G18"]
[Site "Prague, Top Hotel Prague"]
[Date "2012.08.24"]
[Round "8.12"]
[White "Terzidaki, Alexandra"]
[Black "Azimova, Karina"]
[Result "1-0"]
[WhiteElo "1958"]
[BlackElo "2050"]
[PlyCount "49"]
[EventDate "2012.08.17"]

1. e4 e5 2. Nf3 d6 3. d4 exd4 4. Nxd4 Nf6 5. Nc3 Be7 6. g3 h5 7. Bg2 h4 8. Bf4
Nh5 9. Qe2 Nxf4 10. gxf4 h3 11. Bf3 c5 12. Nb3 Be6 13. O-O-O Bxb3 14. axb3 Nc6
15. Bg4 Nd4 16. Qe3 Qa5 17. Kb1 Ne6 18. Nd5 Bh4 19. f5 Nd4 20. Qf4 Rh6 21. e5
f6 22. exf6 Bxf6 23. Qxd6 Rd8 24. Nxf6+ Rxf6 25. Bh5+ 1-0

[Event "European Youth Chess Championship G18"]
[Site "Prague, Top Hotel Prague"]
[Date "2012.08.24"]
[Round "8.13"]
[White "Ljikar, Tamara"]
[Black "Froewis, Annika"]
[Result "0-1"]
[WhiteElo "1821"]
[BlackElo "2000"]
[PlyCount "58"]
[EventDate "2012.08.17"]

1. e4 e5 2. Nf3 Nc6 3. Bc4 Bc5 4. c3 Nf6 5. d3 O-O 6. O-O d5 7. exd5 Nxd5 8.
Re1 Bg4 9. h3 Bh5 10. Nbd2 Nb6 11. Bb5 Bd6 12. Ne4 f5 13. Ng3 Bxf3 14. Qxf3 Qd7
15. a4 a6 16. Bxc6 bxc6 17. b4 Rae8 18. Bb2 e4 19. dxe4 fxe4 20. Qd1 Bxg3 21.
fxg3 Qd6 22. Qg4 h5 23. Qxh5 Qxg3 24. Qc5 Nd5 25. Re2 Nf4 26. Qc4+ Kh8 27. Qxa6
Nxh3+ 28. Kh1 Nf2+ 29. Kg1 Ng4 0-1